000 00489cam a2200169 a 4500
020 _a0471046523 :
040 _cDLC
082 0 0 _a333 WIL 1983 A076 Or.
100 1 _aBennett, Charles F.
245 1 0 _aConservation and management of natural resources in the United States /
260 _aNew York :
_bWiley,
_cc1983.
300 _axi, 436 p. :
_bill. ;
_c24 cm.
500 _aIncludes index.
650 0 _aConservation of natural resources
650 0 _aNatural resources
942 _cEK
999 _c15258
_d15258